The digital musician /

Bibliographic Details
Main Author: Hugill, Andrew
Corporate Author: ebrary, Inc
Format: eBook
Language:English
Published: New York ; London : Routledge, 2012.
Edition:2nd ed.
Subjects:
Online Access:Connect to the full text of this electronic book

MARC

Tag First Indicator Second Indicator Subfields
LEADER 00000cam a2200000Ka 4500
001 in00002777055
006 m d
007 cr cnu---unuuu
008 120719s2012 nyu ob 000 0 eng d
005 20250816222936.7
019 |a 807944298 
020 |a 9781136279881 (electronic bk.) 
020 |a 1136279881 (electronic bk.) 
020 |z 9780415806596 
020 |z 0415806593 
020 |z 9780415806602 
020 |z 0415806607 
020 |z 9780203111796 (ebook) 
020 |a 0203111796 (electronic bk.) 
020 |a 9780203111796 (electronic bk.) 
035 |a (OCoLC)ocn801406029 
035 |a (NhCcYBP)ebr10578048 
035 |a (OCoLC)801406029  |z (OCoLC)807944298 
040 |a N$T  |c N$T  |d CDX  |d E7B  |d YDXCP  |d TXA  |d UtOrBLW 
049 |a TXAM 
050 4 |a ML3876  |b .H84 2012eb 
072 7 |a MUS  |x 013000  |2 bisacsh 
082 0 4 |a 786.7  |2 23 
100 1 |a Hugill, Andrew. 
245 1 4 |a The digital musician /  |c Andrew Hugill. 
250 |a 2nd ed. 
264 1 |a New York ;  |a London :  |b Routledge,  |c 2012. 
300 |a 1 online resource (pages cm.) 
336 |a text  |b txt  |2 rdacontent 
337 |a computer  |b c  |2 rdamedia 
338 |a online resource  |b cr  |2 rdacarrier 
500 |a Description based on print version record. 
504 |a Includes bibliographical references. 
588 |a Description based on print version record. 
500 |a Electronic resource. 
650 0 |a Music  |x Philosophy and aesthetics. 
650 0 |a Electronic music  |x History and criticism. 
650 0 |a Computer music  |x History and criticism. 
650 7 |a MUSIC / Genres & Styles / Electronic.  |2 bisacsh 
655 4 |a Electronic books. 
655 7 |a Electronic books.  |2 local 
710 2 |a ebrary, Inc. 
776 0 8 |i Print version:  |a Hugill, Andrew.  |t Digital musician.  |b 2nd ed.  |d New York ; London : Routledge, 2012  |z 9780415806596  |w (DLC) 2011052513  |w (OCoLC)769871226 
856 4 0 |u https://ebookcentral.proquest.com/lib/tamucs/detail.action?docID=981765  |y Connect to the full text of this electronic book  |t 0 
948 |a cataloged  |b h  |c 2012/9/13  |d c  |e agaffey  |f 9:23:15 am 
994 |a C0  |b TXA 
999 f f |s 5d3365ef-ab7f-3213-83d2-07275d34f314  |i b4a43c74-a84c-3c88-a560-8180614de04f  |t 0 
999 |a MARS 
952 f f |a Texas A&M University  |b College Station  |c Electronic Resources  |d Available Online  |t 0  |e ML3876 .H84 2012eb  |h Library of Congress classification 
998 f f |a ML3876 .H84 2012eb  |t 0  |l Available Online